| 000 | 00407 a2200157 4500 | ||
|---|---|---|---|
| 003 | Nust | ||
| 005 | 20230302094302.0 | ||
| 040 | _cNust | ||
| 082 | _a297,TAH | ||
| 100 |
_aAli , Ashraf _9109714 |
||
| 245 |
_aHayatul Muslimeen / _cMoulana Ashraf Ali Thanvi |
||
| 260 |
_aKarachi _bIslamic Books |
||
| 300 | _a176 | ||
| 650 |
_a Muslim Economic & Social Problems (Urdu) _9109715 |
||
| 942 |
_2ddc _cBK _k297,TAH |
||
| 999 |
_c187940 _d187940 |
||